000 01477nam a22004337a 4500
003 OSt
005 20230524085039.0
008 221006b |||||||| |||| 00| 0 eng d
040 _cBiblioteca Lado V
082 _a700
_bA786l
110 _9830
_aARTEDER
_eEditor
245 _aLAPIZ/
_bRevista Mensual de Arte/
260 _bFeria internacional de Bilbao
_c1995
_aEspaña
300 _c22x29cm
_a98p.
366 _espa
490 _a112
_vXIII
505 _aEditorial
505 _aCentenario de la Bienal de Venecia
505 _aTony Cragg
505 _aEntrevista con Soledad sevilla
505 _aColectivo de Accion Artistica A Ua Crag
505 _aAlbuquerque Mendes
505 _aAndres Serrano
505 _aManuel Sainz
505 _aCuba: La isla posible
505 _aMuseo de Badajoz
505 _aCrónicas de exposiciones
505 _aPublicaciones
650 _2Tesauro de Arte & Arquitectura
_aARTE
_9703
650 _2Tesauro de Arte & Arquitectura
_aARQUITECTURA
650 _2Tesauro de Arte & Arquitectura
_aFOTOGRAFIA
_9702
650 _2Tesauro de Arte & Arquitectura
_aENTREVISTAS
650 _2Tesauro de Arte & Arquitectura
_aARQUEOLOGIA
650 _2Tesauro de Arte & Arquitectura
_aREPORTAJES
650 _2Tesauro de Arte & Arquitectura
_aLIBROS
650 _2Tesauro de Arte & Arquitectura
_aNOTICIAS
651 _2Tesauro de Arte & Arquitectura
_aSUBASTAS
942 _2ddc
_c1
_h700
_iA786l
_n0
999 _c3679
_d3679